Host list of plant diseases in Malaya (Record no. 21273)

MARC details
000 -LEADER
fixed length control field 00397nam a2200145Ia 4500
082 ## - DEWEY DECIMAL CLASSIFICATION NUMBER
Classification number 581.2(595)
Item number THO
100 ## - MAIN ENTRY--AUTHOR NAME
Personal name JOHNSTON, A
245 #0 - TITLE STATEMENT
Title Host list of plant diseases in Malaya
260 ## - PUBLICATION, DISTRIBUTION, ETC. (IMPRINT)
Place of publication Malaya
Name of publisher Dept of Agriculture
Year of publication 1953
490 ## - SERIES STATEMENT
Series statement Mycological papers; 52
650 ## - SUBJECT ADDED ENTRY--TOPICAL TERM
Topical Term Malayan plant disease
700 ## - ADDED ENTRY--PERSONAL NAME
Personal name THOMPSON, A
942 ## - ADDED ENTRY ELEMENTS (KOHA)
Koha item type Books
Holdings
Withdrawn status Lost status Damaged status Not for loan Home library Current library Date acquired Full call number Accession Number Koha item type
        RRII Library RRII Library 16/12/2021 581.2(595) THO 01992 Books